[Event "Reykjavik op"]
[Site "Reykjavik"]
[Date "2025.04.10"]
[Round "3"]
[White "Hauksdottir, Hrund"]
[Black "Agbabishvili, Lali"]
[Result "0-1"]
[WhiteElo "1875"]
[BlackElo "2119"]
[PlyCount "72"]
[EventDate "2025.04.09"]
[EventType "swiss"]
[EventRounds "9"]
[EventCountry "ISL"]
[SourceTitle "CB17_2025"]
[SourceDate "2025.04.23"]
[SourceVersion "1"]
[SourceVersionDate "2025.04.23"]
[SourceQuality "1"]

1. e4 c5 2. Nf3 d6 3. d4 cxd4 4. Nxd4 Nf6 5. Nc3 a6 6. a3 g6 7. Be2 Bg7 8. Be3 0-0 9. Qd2 Nc6 10. 0-0-0 Nxd4 11. Bxd4 b5 12. h4 Rb8 13. h5 b4 14. axb4 Rxb4 15. Nd5 Rxd4 16. Qxd4 Nxd5 17. Qxd5 Qb6 18. Qb3 Qxf2 19. Bc4 Qf4+ 20. Kb1 Qe5 21. hxg6 hxg6 22. Rhf1 e6 23. Rfe1 Bd7 24. c3 Bc6 25. Bd3 Qa5 26. Bc2 Be5 27. Rd3 Bb5 28. Rf3 Rc8 29. Kc1 Qd8 30. Kb1 Rb8 31. Qa3 Qg5 32. g3 Qd2 33. Rd1 Qg2 34. Re3 Qf2 35. Ree1 Be2 36. Ka1 Bxd1 0-1

[Event "Reykjavik op"]
[Site "Reykjavik"]
[Date "2024.03.15"]
[Round "1"]
[White "Hauksdottir, Hrund"]
[Black "Perry, Andrew Blair"]
[Result "1-0"]
[WhiteElo "1859"]
[BlackElo "1654"]
[PlyCount "91"]
[EventDate "2024.03.15"]
[EventType "swiss"]
[EventRounds "9"]
[EventCountry "ISL"]
[SourceTitle "CBM 219 Extra"]
[Source "ChessBase"]
[SourceDate "2024.05.31"]
[SourceVersion "1"]
[SourceVersionDate "2024.05.31"]
[SourceQuality "1"]

1. e4 e6 2. d4 d5 3. Nc3 Nf6 4. exd5 exd5 5. Nf3 c6 6. Bd3 Bd6 7. 0-0 0-0 8. Bg5 h6 9. Bh4 Nbd7 10. Re1 Re8 11. Rxe8+ Qxe8 12. Qd2 Qf8 13. Re1 Nh5 14. Ne5 g5 15. Bxg5 hxg5 16. Qxg5+ Ng7 17. Qh4 f5 18. g4 Be7 19. Qh6 Nxe5 20. dxe5 Bd7 21. Ne2 Kf7 22. Nf4 Ke8 23. Ng6 Qg8 24. Nf4 Kd8 25. Qg6 Be8 26. Qxg7 Qxg7 27. Ne6+ Kd7 28. Nxg7 fxg4 29. Bf5+ Kc7 30. Nxe8+ Rxe8 31. Bxg4 Bc5 32. Re2 Bd4 33. Kg2 Rxe5 34. b3 Rxe2 35. Bxe2 Kd6 36. f4 b6 37. Kf3 Ke7 38. Kg4 Kf6 39. h4 Kg7 40. Ba6 c5 41. Bb7 Bf6 42. Bxd5 Be7 43. h5 Bf6 44. Kf5 Bh4 45. Ke6 Bf6 46. h6+ 1-0

[Event "Reykjavik Kvika op"]
[Site "Reykjavik"]
[Date "2022.04.12"]
[Round "9"]
[White "Schmidt, Kai Uwe"]
[Black "Hauksdottir, Hrund"]
[Result "1-0"]
[WhiteElo "1904"]
[BlackElo "1746"]
[PlyCount "109"]
[EventDate "2022.04.06"]
[EventType "swiss"]
[EventRounds "9"]
[EventCountry "ISL"]
[SourceTitle "CBM 207 Extra"]
[Source "ChessBase"]
[SourceDate "2022.05.31"]
[SourceVersion "1"]
[SourceVersionDate "2022.05.31"]
[SourceQuality "1"]

1. Nf3 d5 2. d4 Nf6 3. c4 c6 4. e3 e6 5. b3 Nbd7 6. Bb2 b6 7. Bd3 Bb7 8. 0-0 Be7 9. Nc3 0-0 10. Qe2 c5 11. cxd5 exd5 12. Rfd1 Re8 13. Rac1 a6 14. Bf5 Bd6 15. Bxd7 Qxd7 16. Na4 Qb5 17. Qxb5 axb5 18. dxc5 bxa4 19. cxd6 axb3 20. axb3 Red8 21. Rc7 Rab8 22. Rdc1 Ne4 23. Be5 f6 24. Bd4 Nxd6 25. Bxb6 Rdc8 26. Ra1 Nb5 27. Rxc8+ Bxc8 28. Bc5 Bd7 29. b4 Kf7 30. h3 Rb7 31. Kf1 Bf5 32. Nd2 Bd3+ 33. Kg1 Kg6 34. f3 Kf5 35. Kf2 h5 36. Ra8 Kg6 37. Ra6 Kf5 38. Ra5 Ke5 39. Ra8 Kf5 40. Nb3 Kg6 41. g3 Nc7 42. Ra7 Rxa7 43. Bxa7 Nb5 44. Bc5 Kf5 45. Na5 Ke6 46. Nb7 Kd7 47. Bf8 g6 48. Nc5+ Ke8 49. Nxd3 Kxf8 50. Nf4 Kf7 51. Nxd5 Ke6 52. Nf4+ Kf5 53. h4 g5 54. e4+ Ke5 55. Nxh5 1-0

[Event "Reykjavik Kvika op"]
[Site "Reykjavik"]
[Date "2022.04.11"]
[Round "8"]
[White "Hauksdottir, Hrund"]
[Black "Manukonda, Arun"]
[Result "0-1"]
[WhiteElo "1746"]
[BlackElo "2014"]
[PlyCount "76"]
[EventDate "2022.04.06"]
[EventType "swiss"]
[EventRounds "9"]
[EventCountry "ISL"]
[SourceTitle "CBM 207 Extra"]
[Source "ChessBase"]
[SourceDate "2022.05.31"]
[SourceVersion "1"]
[SourceVersionDate "2022.05.31"]
[SourceQuality "1"]

1. e4 c5 2. Nf3 Nc6 3. d4 cxd4 4. Nxd4 Nf6 5. Nc3 e5 6. Ndb5 d6 7. Bg5 a6 8. Na3 b5 9. Nd5 Be7 10. Bxf6 Bxf6 11. c3 Bg5 12. Nc2 0-0 13. a4 Rb8 14. axb5 axb5 15. h4 Bh6 16. Be2 f5 17. exf5 Bxf5 18. Ra6 Bxc2 19. Qxc2 Ne7 20. Qd3 Nf5 21. g3 Kh8 22. 0-0 b4 23. Nxb4 Qe8 24. Bg4 e4 25. Qe2 e3 26. Kh2 Qe5 27. Bxf5 Qxf5 28. f4 Rfe8 29. Rxd6 Qe4 30. Rd4 Qe7 31. Re1 Qc5 32. Qd3 Rbc8 33. Rxe3 Rf8 34. Rd5 Qa7 35. Qd4 Qa1 36. Re2 Qf1 37. Qe5 Rxf4 38. Qe6 Rxh4+ 0-1

[Event "Reykjavik Kvika op"]
[Site "Reykjavik"]
[Date "2022.04.10"]
[Round "7"]
[White "Rice, Christopher"]
[Black "Hauksdottir, Hrund"]
[Result "1/2-1/2"]
[WhiteElo "1989"]
[BlackElo "1746"]
[PlyCount "150"]
[EventDate "2022.04.06"]
[EventType "swiss"]
[EventRounds "9"]
[EventCountry "ISL"]
[SourceTitle "CBM 207 Extra"]
[Source "ChessBase"]
[SourceDate "2022.05.31"]
[SourceVersion "1"]
[SourceVersionDate "2022.05.31"]
[SourceQuality "1"]

1. b3 e5 2. Bb2 Nc6 3. e3 Bc5 4. Bb5 Nge7 5. Nf3 e4 6. Ng5 d5 7. Qh5 g6 8. Qe2 0-0 9. h4 Nb4 10. Qd1 Nf5 11. g3 Be7 12. Nh3 Bf6 13. Nc3 Nc6 14. Nf4 Be6 15. Bxc6 bxc6 16. h5 Qe7 17. hxg6 fxg6 18. Nxe6 Qxe6 19. Qg4 Rad8 20. Qh3 Rf7 21. 0-0-0 a5 22. Na4 Bxb2+ 23. Kxb2 Qe5+ 24. Kb1 Qe7 25. Rh2 Rb8 26. Rdh1 Qb4 27. Qg4 Qe7 28. Qe2 Nd6 29. Qa6 Nc4 30. Kc1 Qb4 31. Nc3 Qa3+ 32. Kd1 Ne5 33. Qa7 Qf8 34. Rg2 Ng4 35. Rf1 Rd8 36. Ke1 Qa3 37. Ne2 Qxa2 38. Nd4 Ne5 39. Qc5 Nf3+ 40. Ke2 Nxd4+ 41. exd4 a4 42. bxa4 Qxa4 43. f4 exf3+ 44. Rxf3 Qb5+ 45. Qxb5 cxb5 46. Re3 Rdf8 47. Rg1 Rf2+ 48. Kd3 Kg7 49. Kc3 b4+ 50. Kxb4 Rxd2 51. Re7+ Rf7 52. Rxf7+ Kxf7 53. Kc5 Rxc2+ 54. Kxd5 Rc3 55. g4 Kf6 56. Rh1 c6+ 57. Ke4 Kg5 58. Rxh7 Kxg4 59. Rh1 g5 60. Rg1+ Kh4 61. Rh1+ Kg4 62. Rg1+ Kh5 63. Rh1+ Kg6 64. Rg1 c5 65. dxc5 Rxc5 66. Kf3 Kf5 67. Ra1 Rc3+ 68. Kg2 Kg4 69. Ra2 Kh4 70. Rb2 g4 71. Ra2 Rg3+ 72. Kh2 Rb3 73. Kg2 g3 74. Ra4+ Kg5 75. Ra8 Kf4 1/2-1/2

[Event "Reykjavik Blitz op"]
[Site "Reykjavik"]
[Date "2022.01.29"]
[Round "6"]
[White "Eliasson, Kristjan Orn"]
[Black "Hauksdottir, Hrund"]
[Result "1-0"]
[WhiteElo "1760"]
[BlackElo "1737"]
[PlyCount "51"]
[EventDate "2022.01.29"]
[EventType "swiss (blitz)"]
[EventRounds "11"]
[EventCountry "ISL"]
[SourceTitle "CBM 206 Extra"]
[Source "ChessBase"]
[SourceDate "2022.03.31"]
[SourceVersion "1"]
[SourceVersionDate "2022.03.31"]
[SourceQuality "1"]

1. e4 e5 2. Nf3 Nc6 3. d4 exd4 4. Nxd4 Bc5 5. c3 d6 6. Be3 Nf6 7. Nxc6 bxc6 8. Bxc5 dxc5 9. Qxd8+ Kxd8 10. f3 Be6 11. Nd2 Ke7 12. Bc4 Nd7 13. 0-0-0 Ne5 14. Bxe6 Kxe6 15. Nb3 c4 16. Nd4+ Kf6 17. Kc2 Rab8 18. Rd2 c5 19. Nf5 Nd3 20. Rb1 g6 21. Ne3 Ne5 22. Nd5+ Kg7 23. Nxc7 a5 24. Rd5 Nd3 25. Rd7 Rb7 26. Ne6+ 1-0

[Event "EU-chT (Women) 23rd"]
[Site "Terme Catez"]
[Date "2021.11.16"]
[Round "5.4"]
[White "Hercog, Nusa"]
[Black "Hauksdottir, Hrund"]
[Result "1-0"]
[WhiteElo "1983"]
[BlackElo "1731"]
[PlyCount "126"]
[EventDate "2021.11.12"]
[EventType "team-swiss"]
[EventRounds "9"]
[EventCountry "SLO"]
[SourceTitle "CBM 205"]
[Source "ChessBase"]
[SourceDate "2021.12.31"]
[SourceVersion "1"]
[SourceVersionDate "2021.12.31"]
[SourceQuality "1"]
[WhiteTeam "Slovenia (W) II"]
[BlackTeam "Iceland (W)"]
[WhiteTeamCountry "SLO"]
[BlackTeamCountry "ISL"]

1. d4 d5 2. c4 c6 3. Nc3 Nf6 4. Nf3 e6 5. cxd5 exd5 6. Qc2 Bd6 7. Bg5 0-0 8. e3 Nbd7 9. Bd3 h6 10. Bh4 Re8 11. 0-0-0 b5 12. Kb1 Qa5 13. Nd2 Qb6 14. Rde1 a5 15. f3 Bb4 16. g4 Bxc3 17. Qxc3 b4 18. Qc2 c5 19. dxc5 Nxc5 20. Bxf6 Nxd3 21. Qxd3 Qxf6 22. Qxd5 Be6 23. Qd3 Red8 24. Qe2 a4 25. Ne4 Qe7 26. Ng3 a3 27. b3 Bxb3 28. axb3 a2+ 29. Ka1 Qf6+ 30. Qb2 Qxb2+ 31. Kxb2 Rd2+ 32. Ka1 Rd3 33. Re2 Rxb3 34. Rxa2 Rxa2+ 35. Kxa2 Rxe3 36. Rf1 g6 37. Rf2 Kg7 38. f4 Ra3+ 39. Kb2 Ra6 40. Kb3 Rb6 41. Re2 Rd6 42. Kc4 b3 43. Kxb3 Rd4 44. Rf2 Kf6 45. Kc3 Ra4 46. Kd3 Ra3+ 47. Ke4 Ra4+ 48. Kf3 Ra3+ 49. Kg2 Ra4 50. h3 Kg7 51. f5 Ra6 52. Ne4 f6 53. fxg6 Kxg6 54. Rf5 Kg7 55. Kg3 Kg6 56. Kf4 Rb6 57. Rxf6+ Rxf6+ 58. Nxf6 Kxf6 59. h4 Kg6 60. Ke5 Kf7 61. Kf5 Kg7 62. Ke6 Kg6 63. Ke7 Kg7 1-0

[Event "ISL-ch (Women)"]
[Site "Reykjavik"]
[Date "2021.05.31"]
[Round "4"]
[White "Johannsdottir, Johanna Bjorg"]
[Black "Hauksdottir, Hrund"]
[Result "1-0"]
[WhiteElo "1990"]
[BlackElo "1819"]
[PlyCount "73"]
[EventDate "2021.05.26"]
[EventType "tourn"]
[EventRounds "7"]
[EventCountry "ISL"]
[SourceTitle "CBM 203 Extra"]
[Source "ChessBase"]
[SourceDate "2021.09.30"]
[SourceVersion "1"]
[SourceVersionDate "2021.09.30"]
[SourceQuality "1"]

1. e4 e5 2. Nf3 Nc6 3. Bc4 Bc5 4. c3 Nf6 5. d4 exd4 6. b4 Be7 7. e5 Ne4 8. b5 Na5 9. Bd3 Nxc3 10. Nxc3 dxc3 11. Qa4 b6 12. Qg4 g6 13. 0-0 d5 14. Qd4 Be6 15. Bh6 a6 16. Qxc3 Bc5 17. bxa6 d4 18. Qc2 Qd7 19. Bg7 Rg8 20. Bf6 Bf5 21. Ng5 Bxd3 22. Qxd3 h6 23. Ne4 Be7 24. Bxe7 Qxe7 25. Nf6+ Kf8 26. Nxg8 Kxg8 27. Qxd4 Rxa6 28. Qe4 Qe6 29. Rac1 c5 30. Rfd1 Ra7 31. Rd6 Qxa2 32. e6 Qb2 33. Rb1 Qa2 34. exf7+ Qxf7 35. Rxg6+ Kf8 36. Rbxb6 Nc6 37. Rgxc6 1-0

[Event "Reykjavik Taflfelag op"]
[Site "Reykjavik"]
[Date "2019.11.26"]
[Round "7"]
[White "Fridthofsson, Sigurjon Thor"]
[Black "Hauksdottir, Hrund"]
[Result "0-1"]
[WhiteElo "1789"]
[BlackElo "1753"]
[PlyCount "112"]
[EventDate "2019.10.16"]
[EventType "swiss"]
[EventRounds "7"]
[EventCountry "ISL"]
[SourceTitle "CBM 193 Extra"]
[Source "ChessBase"]
[SourceDate "2020.01.31"]
[SourceVersion "1"]
[SourceVersionDate "2020.01.31"]
[SourceQuality "1"]

1. e4 e5 2. Nf3 Nc6 3. d4 exd4 4. Bc4 Nf6 5. e5 d5 6. Bb5 Ne4 7. Nxd4 Bd7 8. Bxc6 bxc6 9. c3 Be7 10. f3 Ng5 11. f4 Ne4 12. Nd2 Nxd2 13. Bxd2 Rb8 14. f5 c5 15. e6 cxd4 16. exd7+ Qxd7 17. Qg4 Bf6 18. 0-0 Rxb2 19. Rfe1+ Kf8 20. Bc1 dxc3 21. Bxb2 cxb2 22. Qb4+ Qd6 23. Qb8+ Qd8 24. Qb4+ c5 25. Qxc5+ Be7 26. Rxe7 Qxe7 27. Qc8+ Qe8 28. Qc5+ Kg8 29. Rb1 h6 30. Qc2 Qe3+ 31. Qf2 Qc1+ 32. Qe1 Qxe1+ 33. Rxe1 Kh7 34. Rb1 Rb8 35. Kf2 g6 36. Ke3 Rb4 37. Kd3 a5 38. Kc2 Rc4+ 39. Kxb2 Rb4+ 40. Kc2 Rxb1 41. Kxb1 Kg7 42. fxg6 Kxg6 43. Kc2 Kf5 44. Kd3 Ke5 45. Ke3 d4+ 46. Kd3 Kd5 47. a4 h5 48. g3 f6 49. h3 f5 50. Ke2 Ke4 51. h4 d3+ 52. Kd2 Kd4 53. Kd1 Ke3 54. Ke1 d2+ 55. Kd1 Kd3 56. g4 f4 0-1

[Event "ISL-chT2 1921"]
[Site "Reykjavik"]
[Date "2019.10.06"]
[Round "4.1"]
[White "Hauksdottir, Hrund"]
[Black "Helgason, Jon Thor"]
[Result "1-0"]
[WhiteElo "1753"]
[BlackElo "1670"]
[PlyCount "101"]
[EventDate "2019.10.04"]
[EventType "team-tourn"]
[EventRounds "7"]
[EventCountry "ISL"]
[SourceTitle "EXT 2024"]
[Source "ChessBase"]
[SourceDate "2023.10.10"]
[SourceVersion "1"]
[SourceVersionDate "2023.10.10"]
[SourceQuality "1"]
[WhiteTeam "Fjolnis II"]
[BlackTeam "Hauka"]
[WhiteTeamCountry "ISL"]
[BlackTeamCountry "ISL"]

1. e4 e5 2. Nf3 Nc6 3. Bc4 d6 4. c3 Bg4 5. d3 Be7 6. h3 Bh5 7. Nbd2 Nf6 8. Nf1 d5 9. exd5 Nxd5 10. Ng3 Bg6 11. 0-0 0-0 12. Re1 Bf6 13. Bb5 Nde7 14. Ne4 a6 15. Nxf6+ gxf6 16. Bxc6 Nxc6 17. d4 exd4 18. Bh6 Re8 19. Rxe8+ Qxe8 20. Nxd4 Nxd4 21. Qxd4 Qe5 22. Rd1 Re8 23. Qd7 Bf5 24. Qa4 Qe2 25. Rd2 Qe1+ 26. Kh2 Qe5+ 27. Bf4 Qe4 28. Rd4 Qe6 29. Bxc7 Rc8 30. Bg3 Rc6 31. Qa3 Kg7 32. Rd8 Qc4 33. Qf8+ Kg6 34. Rd4 Rc8 35. Qe7 Qb5 36. Rd6 Be6 37. Rd4 Re8 38. Qc7 Rc8 39. Qf4 Qf5 40. Qe3 h5 41. Rb4 Bd5 42. Rf4 Qe6 43. Qd3+ f5 44. Rd4 Be4 45. Qe3 Rc6 46. Rd8 Bd5 47. Qd2 Bxa2 48. Rh8 Kg7 49. Rxh5 Bb1 50. Rg5+ Kf8 51. Qd8+ 1-0

[Event "ISL-chT2 1921"]
[Site "Reykjavik"]
[Date "2019.10.04"]
[Round "1.1"]
[White "Hauksdottir, Hrund"]
[Black "Viglundsson, Bjorgvin"]
[Result "0-1"]
[WhiteElo "1753"]
[BlackElo "2197"]
[PlyCount "67"]
[EventDate "2019.10.04"]
[EventType "team-tourn"]
[EventRounds "7"]
[EventCountry "ISL"]
[SourceTitle "EXT 2024"]
[Source "ChessBase"]
[SourceDate "2023.10.10"]
[SourceVersion "1"]
[SourceVersionDate "2023.10.10"]
[SourceQuality "1"]
[WhiteTeam "Fjolnis II"]
[BlackTeam "KR CC"]
[WhiteTeamCountry "ISL"]
[BlackTeamCountry "ISL"]

1. e4 c5 2. Nf3 e6 3. d4 cxd4 4. Nxd4 a6 5. Bd3 Qc7 6. 0-0 Nf6 7. c4 Be7 8. Nc3 0-0 9. Be3 d6 10. f4 Nbd7 11. g4 Nc5 12. Bc2 b5 13. g5 Nfd7 14. cxb5 Re8 15. Qh5 g6 16. Qf3 Bb7 17. h4 Bf8 18. h5 e5 19. Nb3 exf4 20. Qxf4 Ne5 21. Rad1 Ne6 22. Qf2 Ng4 23. b6 Nxf2 24. bxc7 Nxd1 25. Bxd1 Nxc7 26. hxg6 hxg6 27. Bf3 Rac8 28. Bg4 Ne6 29. Nd4 Bg7 30. Rd1 Be5 31. Nd5 Rc4 32. Nf6+ Bxf6 33. gxf6 Nxd4 34. b3 0-1

[Event "ISL-chT2 1819"]
[Site "Reykjavik"]
[Date "2018.11.10"]
[Round "2.2"]
[White "Hauksdottir, Hrund"]
[Black "Saevaldsson, Kristinn Jon"]
[Result "1/2-1/2"]
[WhiteElo "1765"]
[BlackElo "1919"]
[PlyCount "133"]
[EventDate "2018.11.09"]
[EventType "team-tourn"]
[EventRounds "7"]
[EventCountry "ISL"]
[SourceTitle "CBM 187 Extra"]
[Source "ChessBase"]
[SourceDate "2018.11.04"]
[SourceVersion "1"]
[SourceVersionDate "2018.11.04"]
[SourceQuality "1"]
[WhiteTeam "Skakdeild Fjolnis II"]
[BlackTeam "Skakdeild Hauka"]
[WhiteTeamCountry "ISL"]
[BlackTeamCountry "ISL"]

1. e4 e5 2. Nf3 Nc6 3. Bc4 Bc5 4. 0-0 Nf6 5. d3 h6 6. c3 d6 7. Bb3 0-0 8. Nbd2 Bg4 9. Re1 Bh5 10. h3 Qc8 11. Nf1 Ne7 12. Ng3 Bg6 13. Nh4 Kh7 14. Qf3 a5 15. a4 c6 16. Be3 Bxe3 17. Qxe3 Nh5 18. Nxg6 fxg6 19. Nxh5 gxh5 20. Bd1 g6 21. Bb3 Rf6 22. Rad1 c5 23. d4 c4 24. Bc2 Qe6 25. Rd2 Raf8 26. Red1 Qc8 27. f3 R8f7 28. dxe5 dxe5 29. Rd8 Qc6 30. b3 b5 31. Qa7 bxa4 32. bxc4 Nf5 33. Qb8 Ne7 34. R1d7 Qc5+ 35. Kh1 g5 36. Rh8+ Kg6 37. Rg8+ Kh7 38. Rh8+ Kg6 39. Bxa4 Rb6 40. Rg8+ Kh7 41. Rh8+ Kg6 42. Rg8+ Kh7 43. Rh8+ Kg7 44. Rxe7 Rxb8 45. Rxf7+ Kxf7 46. Rxb8 Qa3 47. Bc6 Qxc3 48. Ra8 Ke7 49. Bd5 Kd7 50. Ra6 h4 51. Rxh6 a4 52. Bc6+ Kc7 53. Bxa4 Qa1+ 54. Kh2 Qxa4 55. Rg6 Qxc4 56. Rxg5 Qc1 57. Rg4 Qh6 58. Kg1 Kd6 59. Rg8 Qf6 60. Rc8 Kd7 61. Rc1 Qf4 62. Rd1+ Ke6 63. Rd8 Qc1+ 64. Kh2 Kf6 65. Rf8+ Kg5 66. Rf5+ Kg6 67. Rf8 1/2-1/2

[Event "Olympiad Women-42"]
[Site "Baku"]
[Date "2016.09.03"]
[Round "2.19"]
[White "Hauksdottir, Hrund"]
[Black "Di Benedetto, Desiree"]
[Result "0-1"]
[WhiteElo "1793"]
[BlackElo "2183"]
[PlyCount "82"]
[EventDate "2016.09.02"]
[EventType "team-swiss"]
[EventRounds "11"]
[EventCountry "AZE"]
[SourceTitle "CBM 174 Extra"]
[Source "ChessBase"]
[SourceDate "2016.10.10"]
[SourceVersion "1"]
[SourceVersionDate "2016.10.10"]
[SourceQuality "1"]
[WhiteTeam "Iceland (W)"]
[BlackTeam "Italy (W)"]
[WhiteTeamCountry "ISL"]
[BlackTeamCountry "ITA"]

1. e4 e6 2. d4 d5 3. exd5 exd5 4. Nf3 Nc6 5. Bb5 Bd6 6. c4 dxc4 7. d5 a6 8. Ba4 b5 9. dxc6 bxa4 10. 0-0 Qf6 11. Qxa4 Be6 12. Nc3 Qf5 13. Re1 Ne7 14. Bg5 Ng6 15. Rad1 0-0 16. Bh4 Nxh4 17. Nxh4 Qh5 18. g3 Rab8 19. Ne4 Be7 20. Ng2 Rxb2 21. Nf4 Qb5 22. Qxb5 axb5 23. Nxe6 fxe6 24. Rd7 Bb4 25. Red1 c3 26. Nxc3 Bxc3 27. Rxc7 Rbxf2 28. Rb7 Rxa2 29. c7 Raa8 30. Rxb5 Rac8 31. Rd7 Bf6 32. Kg2 h6 33. Rb6 Rfe8 34. Rb7 Kh7 35. Rd2 Re7 36. Re2 e5 37. Rc2 e4 38. Kf2 Be5 39. Rc4 Rcxc7 40. Rbxc7 Bxc7 41. Ke2 e3 0-1

[Event "EU-chT (Women) 20th"]
[Site "Reykjavik"]
[Date "2015.11.13"]
[Round "1.4"]
[White "Hauksdottir, Hrund"]
[Black "Isgenderova, Hayale"]
[Result "0-1"]
[WhiteElo "1775"]
[BlackElo "2200"]
[PlyCount "64"]
[EventDate "2015.11.13"]
[EventType "team-swiss"]
[EventRounds "9"]
[EventCountry "ISL"]
[SourceTitle "CBM 169 Extra"]
[Source "ChessBase"]
[SourceDate "2015.12.18"]
[SourceVersion "1"]
[SourceVersionDate "2015.12.18"]
[SourceQuality "1"]
[WhiteTeam "Iceland (W)"]
[BlackTeam "Turkey (W)"]
[WhiteTeamCountry "ISL"]
[BlackTeamCountry "TUR"]

1. e4 c6 2. d4 d5 3. exd5 cxd5 4. Bd3 Nc6 5. c3 g6 6. Nf3 Bg7 7. 0-0 Nf6 8. Bf4 0-0 9. Nbd2 Bf5 10. Qc2 e6 11. Rae1 Rc8 12. Bxf5 gxf5 13. Nb3 Ne4 14. Ne5 Ne7 15. f3 Nd6 16. Qc1 Ng6 17. Bg5 Qc7 18. Bh6 a5 19. Nxg6 hxg6 20. h4 a4 21. Nc5 a3 22. Bxg7 Kxg7 23. Rxe6 Qb6 24. Re2 Rh8 25. g3 Qb5 26. Rfe1 b6 27. Nb3 axb2 28. Qxb2 f4 29. g4 Qd3 30. Nd2 Rxh4 31. Qxb6 Rch8 32. Rg2 Qxd2 0-1

[Event "Sweden-Iceland m U20"]
[Site "Uppsala"]
[Date "2015.10.03"]
[Round "2.7"]
[White "Hauksdottir, Hrund"]
[Black "Avetisyan, Emil"]
[Result "0-1"]
[WhiteElo "1773"]
[BlackElo "1805"]
[PlyCount "130"]
[EventDate "2015.10.03"]
[EventType "match"]
[EventRounds "4"]
[EventCountry "SWE"]
[SourceTitle "CBM 169 Extra"]
[Source "ChessBase"]
[SourceDate "2015.12.18"]
[SourceVersion "1"]
[SourceVersionDate "2015.12.18"]
[SourceQuality "1"]

1. e4 c6 2. d4 d5 3. exd5 cxd5 4. Bd3 Nf6 5. Ne2 Bg4 6. f3 Bh5 7. Nd2 e6 8. Nb3 Be7 9. 0-0 0-0 10. Bf4 Nc6 11. c3 Rc8 12. Qd2 Bg6 13. Rae1 Bxd3 14. Qxd3 Nh5 15. Be5 Nxe5 16. dxe5 g6 17. f4 a5 18. Nbd4 Qb6 19. Kh1 Bc5 20. g4 Bxd4 21. Nxd4 Ng7 22. Re2 Qd8 23. Qh3 Rb8 24. Qh6 f5 25. Nf3 Qe7 26. Ng5 Ne8 27. gxf5 Rxf5 28. Rd2 b5 29. Rd4 Qg7 30. Qxg7+ Nxg7 31. Rf2 Rbf8 32. a4 Rxg5 33. axb5 Rxe5 34. Ra4 Re1+ 35. Kg2 Nf5 36. Rxa5 Ne3+ 37. Kg3 Nc4 38. Ra6 Rb8 39. b3 Nb6 40. Rc2 Rb1 41. Ra3 Nd7 42. c4 Nc5 43. cxd5 Ne4+ 44. Kf3 exd5 45. Rc7 Rxb3+ 46. Rxb3 Nd2+ 47. Kg4 Nxb3 48. Kg5 Nd4 49. Rd7 Ne6+ 50. Kf6 Nxf4 51. b6 Nh5+ 52. Kg5 Rxb6 53. Rxd5 Rb7 54. Ra5 Kg7 55. Rc5 h6+ 56. Kh4 Nf6 57. Rc4 g5+ 58. Kg3 Kg6 59. Rc6 Rb5 60. Ra6 Kf5 61. Rc6 h5 62. Rc2 Rb3+ 63. Kf2 Ne4+ 64. Kg2 Kf4 65. Ra2 Rd3 0-1

[Event "Reykjavik op"]
[Site "Reykjavik"]
[Date "2015.03.18"]
[Round "10"]
[White "Hauksdottir, Hrund"]
[Black "Baldvinsson, Loftur"]
[Result "0-1"]
[WhiteElo "1692"]
[BlackElo "1945"]
[PlyCount "105"]
[EventDate "2015.03.10"]
[EventType "swiss"]
[EventRounds "10"]
[EventCountry "ISL"]
[SourceTitle "CBM 165 Extra"]
[Source "ChessBase"]
[SourceDate "2015.04.21"]
[SourceVersion "1"]
[SourceVersionDate "2015.04.21"]
[SourceQuality "1"]

1. e4 d6 2. d4 Nf6 3. Nc3 g6 4. Bc4 Bg7 5. Be3 c6 6. Bb3 b5 7. a3 0-0 8. f3 Nbd7 9. Qd2 e5 10. d5 c5 11. Nxb5 Ne8 12. Bg5 Qb6 13. Nc3 f5 14. h4 f4 15. h5 gxh5 16. Rxh5 c4 17. Bxc4 Qxg1+ 18. Bf1 Ndf6 19. Rh4 Ba6 20. Ne2 Qb6 21. b3 Rc8 22. g3 Bxe2 23. Qxe2 Qd4 24. Rd1 Qc3+ 25. Rd2 fxg3 26. Bh3 Rc7 27. Be6+ Kh8 28. Qg2 Qa1+ 29. Ke2 Qxa3 30. Qxg3 Qb2 31. Qh3 Rxc2 32. Bf5 Rf7 33. Rxh7+ Kg8 34. Rh4 Kf8 35. Bg6 Rfc7 36. Qe6 Re7 37. Qf5 Rxd2+ 38. Bxd2 Qxb3 39. Bg5 Qb5+ 40. Kf2 Qd7 41. Qxd7 Rxd7 42. f4 exf4 43. Rxf4 Kg8 44. Bf5 Rb7 45. Be6+ Kf8 46. Ke3 Ke7 47. Kd4 Rb4+ 48. Kc3 Rb1 49. Kc4 Nc7 50. Bf5 Rc1+ 51. Kb3 Ra1 52. Rh4 Rg1 53. Be3 0-1